Clubs de Championship (2021-2022) - Statistiques

Statistiques générales
  • Ce quiz a été pris 45 fois
  • Le résultat moyen est 13 sur 24
Statistiques - réponses
% Correct
Championship Sheffield United
83%
Championship Fulham FC
80%
Championship Nottingham Forest
78%
Championship Swansea City
70%
Championship Birmingham City
68%
Championship AFC Bournemouth
63%
Championship Derby County
63%
Championship Stoke City
60%
Championship West Bromwich Albion
60%
Championship Hull City
58%
Championship Queens Park Rangers
58%
Championship Blackburn Rovers
55%
Championship Bristol City
55%
Championship Cardiff City
53%
Championship Huddersfield Town
53%
Championship Luton Town
53%
Championship Reading FC
53%
Championship Coventry City
50%
Championship Milwall FC
43%
Championship Barnsley FC
40%
Championship Preston North End
40%
Championship Blackpool FC
35%
Championship Middlesborough FC
25%
Championship Peterborough United
23%
Aucun quiz correspondant
Distribution des résultats
% des personnes avec chaque résultat
Percentile par nombre de réponses
Votre historique - résultats
Vous n’avez pas pris ce quiz